Stati che confinano con la Francia - Statistics

Statistiche generali
  • Questo quiz è stato fatto 40 volte
  • Il punteggio medio è 10 su 11
Statistiche sulle risposte
Superficie (km²) Popolazione (ab.) Lunghezza confine (km) Stato % Corretto
302 073 58 833 079 515 Italia
100%
504 645 46 769 864 656 Spagna
100%
468 85 458 57 Andorra
97%
2 586 634 730 73 Lussemburgo
97%
2,02 38 350 5,47 Principato di Monaco
94%
357 582 84 404 137 451 Germania
91%
30 536 11 550 039 620 Belgio
89%
41 291 8 530 100 573 Svizzera
89%
42 679 16 879 748 10 Regno dei Paesi Bassi
80%
8 514 877 215 319 500 730 Brasile
77%
163 270 543 925 510 Suriname
71%
Nessun quiz corrispondente trovato
Distribuzione punteggi
Percentuale di utenti per punteggio
Percentile per numero di risposta
I tuoi punteggi nel tempo
Non hai fatto questo quiz